[Event "13e tournoi d'automne - tournoi C"]
[Site "Montigny le Bretonneux"]
[Date "2014.10.18"]
[Round "1.1"]
[White "Saarlainen, Lei"]
[Black "Mongey, Alain"]
[Result "0-1"]
[WhiteElo "1545"]
[BlackElo "1670"]
[Annotator "Rivier,Sylvain"]
[PlyCount "86"]
[EventDate "2014.??.??"]

{Défense sicilienne, gambit Morra} 1. e4 c5 2. d4 cxd4 3. c3 dxc3 4. Nxc3 Nc6
5. Nf3 g6 6. Bc4 Bg7 7. O-O d6 8. Qe2 Ne5 9. Nxe5 Bxe5 10. f4 Bg7 11. Rd1 Nh6
12. h3 O-O 13. e5 Nf5 14. Nd5 e6 15. Ne3 Qb6 16. Kh2 dxe5 17. Nxf5 exf5 18. Be3
Qc7 19. Rac1 exf4 20. Bxf7+ Qxf7 21. Bxf4 Re8 22. Qb5 a6 23. Qb6 Qe6 24. Rd6
Qe4 25. Qb3+ Be6 26. Qd1 Be5 27. Bxe5 Qxe5+ 28. Kg1 Bf7 29. Rc7 Qe1+ 30. Qxe1
Rxe1+ 31. Kf2 Rae8 32. Rdd7 Rf8 33. Rxb7 h5 34. Kf3 Rc8 35. Kf4 Rc2 36. Kf3 Kg7
37. g4 hxg4+ 38. hxg4 fxg4+ 39. Kxg4 Rc5 40. b4 Rb5 41. Ra7 Rxb4+ 42. Kg5 Rb5+
43. Kh4 Ra5 0-1

[Event "13e tournoi d'automne - tournoi C"]
[Site "Montigny le Bretonneux"]
[Date "2014.10.18"]
[Round "1.2"]
[White "Denechaud, Bernard"]
[Black "Mousset-Evtouchenko, Nina"]
[Result "0-1"]
[WhiteElo "1588"]
[BlackElo "1666"]
[Annotator "Rivier,Sylvain"]
[PlyCount "50"]
[EventDate "2014.??.??"]

{Partie du pion dame} 1. Nf3 d5 2. g3 Nc6 3. d4 Nf6 4. Bg2 Bf5 5. O-O Qd7 6. c3
O-O-O 7. b4 Ne4 8. Bb2 f6 9. Nbd2 e5 10. a4 Kb8 11. b5 Na5 12. dxe5 Nxd2 13.
Nxd2 fxe5 14. Qc1 Bc5 15. Rb1 Bxb1 16. Qxb1 h5 17. e3 h4 18. Rd1 hxg3 19. hxg3
Qg4 20. Qc2 Nc4 21. Nb3 Bxe3 22. Rxd5 Rxd5 23. Bxd5 Qxg3+ 24. Bg2 Qh2+ 25. Kf1
Rf8 0-1

[Event "13e tournoi d'automne - tournoi C"]
[Site "Montigny le Bretonneux"]
[Date "2014.10.18"]
[Round "1.3"]
[White "Romas, Lionia"]
[Black "Rousseau, Matthieu"]
[Result "1-0"]
[WhiteElo "1583"]
[BlackElo "1664"]
[Annotator "Rivier,Sylvain"]
[PlyCount "125"]
[EventDate "2014.??.??"]

{Défense française, variante Winaver} 1. e4 e6 2. d4 d5 3. Nc3 Bb4 4. e5 c5 5.
a3 cxd4 6. Qxd4 Bxc3+ 7. Qxc3 Nc6 8. Qg3 Kf8 9. Be3 Qa5+ 10. c3 d4 11. b4 Qd5
12. Bxd4 Nxd4 13. cxd4 Qxd4 14. Rd1 Qb6 15. Rd6 Qc7 16. Bb5 a6 17. Qd3 axb5 18.
Ne2 g6 19. O-O Ne7 20. Rc1 Nc6 21. Qf3 Qe7 22. Qf6 Qxf6 23. exf6 Ke8 24. Rcd1
e5 25. Nc3 Bg4 26. f3 Bf5 27. Nxb5 Rc8 28. R6d5 Rb8 29. Nd6+ Kf8 30. Nxb7 Be6
31. Rc5 Rxb7 32. Rxc6 Ke8 33. Rdd6 Rb8 34. a4 h5 35. b5 Rh6 36. b6 g5 37. a5
Bd7 38. Rc7 Bc8 39. Rxc8+ Rxc8 40. b7 Rc1+ 41. Kf2 Rb1 42. Rb6 Rxb6 43. axb6
Kd7 44. b8=Q Rxf6 45. Qc7+ Ke6 46. Qc6+ Kf5 47. Qxf6+ Kxf6 48. b7 g4 49. fxg4
hxg4 50. b8=Q g3+ 51. hxg3 e4 52. Qf4+ Kg6 53. Qxe4+ f5 54. Qe6+ Kg5 55. Kf3 f4
56. gxf4+ Kh5 57. Qg4+ Kh6 58. f5 Kh7 59. f6 Kh6 60. Qg7+ Kh5 61. f7 Kh4 62.
f8=R Kh5 63. Rh8# 1-0

[Event "13e tournoi d'automne - tournoi C"]
[Site "Montigny le Bretonneux"]
[Date "2014.10.18"]
[Round "1.4"]
[White "Fruchard, Alois"]
[Black "Chahmirian, Armen"]
[Result "1-0"]
[WhiteElo "1120"]
[BlackElo "1530"]
[Annotator "Rivier,Sylvain"]
[PlyCount "51"]
[EventDate "2014.??.??"]

{Partie du pion dame} 1. d4 d5 2. Nf3 Nf6 3. e3 Bf5 4. Nc3 Nc6 5. Bd3 Bg6 6.
O-O e6 7. e4 dxe4 8. Nxe4 Bxe4 9. Re1 Bxf3 10. Qxf3 Qxd4 11. c3 Qd5 12. Qe3 Bc5
13. Qg3 O-O-O 14. Bc2 e5 15. Qxg7 Rhg8 16. Bf5+ Kb8 17. Bh6 Rxg7 18. Bxg7 Rg8
19. Rad1 Nd4 20. c4 Qc6 21. Be4 Nxe4 22. Bxe5 Nd2 23. f3 N4xf3+ 24. Kh1 Nxe1
25. Rxd2 Rxg2 26. Rd8# 1-0

[Event "13e tournoi d'automne - tournoi C"]
[Site "Montigny le Bretonneux"]
[Date "2014.10.18"]
[Round "1.5"]
[White "Verat-Fayolle, Celian"]
[Black "Krestinine, Michka"]
[Result "0-1"]
[WhiteElo "1302"]
[BlackElo "1527"]
[Annotator "Rivier,Sylvain"]
[PlyCount "84"]
[EventDate "2014.??.??"]

{Défense française, variante d'échange} 1. e4 e6 2. d4 d5 3. exd5 exd5 4. c4
Nc6 5. Nf3 Bb4+ 6. Nc3 Nge7 7. a3 Bxc3+ 8. bxc3 Bg4 9. Bd3 Qd7 10. O-O O-O-O
11. Qb3 Bxf3 12. gxf3 dxc4 13. Bxc4 Na5 14. Qb4 Nxc4 15. Qxc4 Qd5 16. Qd3 c5
17. Bb2 Nc6 18. Rac1 Kb8 19. Rfd1 Ne5 20. dxe5 Qxd3 21. Rxd3 Rxd3 22. Rc2 Rhd8
23. Bc1 Rxf3 24. Kg2 Rfd3 25. Be3 b6 26. Bf4 Kb7 27. Bg5 Re8 28. f4 Kc6 29. Kf2
c4 30. Ke2 f6 31. Bh4 fxe5 32. fxe5 Rxe5+ 33. Kf2 Ree3 34. Bg3 Rxc3 35. Rxc3
Rxc3 36. Be5 Rxa3 37. Bxg7 c3 38. Ke2 b5 39. Kd3 Kd5 40. Kc2 Kc4 41. h4 b4 42.
Bxc3 Rxc3+ 0-1

[Event "13e tournoi d'automne - tournoi C"]
[Site "Montigny le Bretonneux"]
[Date "2014.10.19"]
[Round "2.1"]
[White "Mongey, Alain"]
[Black "Fruchard, Alois"]
[Result "1-0"]
[WhiteElo "1670"]
[BlackElo "1120"]
[Annotator "Rivier,Sylvain"]
[PlyCount "61"]
[EventDate "2014.??.??"]

{Partie du pion dame, variante Tartacover} 1. d4 d5 2. Nf3 Nf6 3. Bg5 e6 4. e3
c5 5. c3 Nc6 6. Bd3 Bd6 7. Nbd2 O-O 8. O-O h6 9. Bh4 e5 10. dxe5 Nxe5 11. Nxe5
Bxe5 12. Nf3 Bg4 13. h3 Bh5 14. Be2 Qb6 15. Nxe5 Bg6 16. Bxf6 Qxf6 17. Nd7 Qg5
18. Nxf8 Rxf8 19. Bf3 Rd8 20. Qa4 Bf5 21. Bg4 Bd3 22. Rfd1 Qg6 23. Qf4 h5 24.
Bf3 Bf5 25. Qh4 Be6 26. Qxd8+ Kh7 27. Qh4 Qc2 28. Qxh5+ Kg8 29. Bxd5 Bd7 30.
Qxf7+ Kh7 31. Qh5# 1-0

[Event "13e tournoi d'automne - tournoi C"]
[Site "Montigny le Bretonneux"]
[Date "2014.10.19"]
[Round "2.3"]
[White "Krestinine, Michka"]
[Black "Denechaud, Bernard"]
[Result "0-1"]
[WhiteElo "1527"]
[BlackElo "1588"]
[Annotator "Rivier,Sylvain"]
[PlyCount "106"]
[EventDate "2014.??.??"]

{Défense sicilienne, variante Taïmanov} 1. e4 c5 2. Nf3 e6 3. d4 cxd4 4. Nxd4
Nc6 5. Nc3 Qc7 6. Be3 a6 7. a3 Nf6 8. f3 Be7 9. Qd2 b5 10. Be2 Bb7 11. g4 h6
12. Bxb5 Nxd4 13. Bxd4 axb5 14. Nxb5 Qc4 15. Bxf6 gxf6 16. Qd3 Qxd3 17. cxd3
O-O 18. Ke2 Rfc8 19. Kd2 Ba6 20. Nc3 Rab8 21. b4 Rc7 22. Rab1 Rbc8 23. Rbc1 f5
24. Ne2 Rxc1 25. Rxc1 Rxc1 26. Nxc1 Bg5+ 27. Kc2 Bxc1 28. Kxc1 fxg4 29. fxg4
Bxd3 30. e5 Kf8 31. Kd2 Bb5 32. Ke3 Ke7 33. h4 d6 34. Ke4 dxe5 35. g5 h5 36.
Kxe5 Ba4 37. Kd4 Kd6 38. Ke4 Bc6+ 39. Kd4 e5+ 40. Ke3 Kd5 41. Kd3 e4+ 42. Ke3
Ke5 43. Ke2 Kd4 44. Kd2 e3+ 45. Ke1 Bb5 46. Kd1 Kc3 47. a4 Bxa4+ 48. Ke2 Kd4
49. Ke1 Bb5 50. Kd1 Kc3 51. Ke1 Kxb4 52. Kd1 Kc5 53. Ke1 Kd5 0-1

[Event "13e tournoi d'automne - tournoi C"]
[Site "Montigny le Bretonneux"]
[Date "2014.10.20"]
[Round "2.4"]
[White "Romas, Lionia"]
[Black "Saarlainen, Lei"]
[Result "1/2-1/2"]
[WhiteElo "1583"]
[BlackElo "1545"]
[Annotator "Rivier,Sylvain"]
[PlyCount "22"]
[EventDate "2014.??.??"]

1. d4 Nf6 2. c4 c5 3. d5 b5 4. cxb5 a6 5. bxa6 Bxa6 6. Nc3 d6 7. Nf3 g6 8. Bd2
Bg7 9. g3 O-O 10. Bh3 Nbd7 11. O-O Nb6 {Gambit Benko accepté} 1/2-1/2

[Event "13e tournoi d'automne - tournoi C"]
[Site "Montigny le Bretonneux"]
[Date "2014.10.19"]
[Round "2.5"]
[White "Chahmirian, Armen"]
[Black "Verat-Fayolle, Celian"]
[Result "1-0"]
[WhiteElo "1530"]
[BlackElo "1302"]
[Annotator "Rivier,Sylvain"]
[PlyCount "73"]
[EventDate "2014.??.??"]

{Gambit du roi} 1. e4 e5 2. f4 d6 3. Nf3 Nc6 4. Nc3 Bg4 5. Bc4 Nf6 6. h3 Bxf3
7. Qxf3 Nd4 8. Qd1 Be7 9. O-O O-O 10. Ne2 Nxe4 11. Nxd4 exd4 12. Qf3 d5 13.
Bxd5 Qxd5 14. Re1 f5 15. d3 Bh4 16. dxe4 fxe4 17. Rxe4 Bg3 18. Bd2 g5 19. Qb3
Qxb3 20. axb3 Bxf4 21. Bxf4 Rxf4 22. Rxf4 gxf4 23. Re1 Rf8 24. Re4 c5 25. Kf2
Kg7 26. Kf3 Rf6 27. Re7+ Rf7 28. Rxf7+ Kxf7 29. Kxf4 Kf6 30. g4 b5 31. h4 a5
32. Ke4 Ke6 33. g5 a4 34. bxa4 bxa4 35. h5 Kd6 36. g6 hxg6 37. h6 1-0

[Event "13e tournoi d'automne - tournoi C"]
[Site "Montigny le Bretonneux"]
[Date "2014.10.20"]
[Round "3.1"]
[White "Verat-Fayolle, Celian"]
[Black "Mongey, Alain"]
[Result "1/2-1/2"]
[WhiteElo "1302"]
[BlackElo "1670"]
[Annotator "Rivier,Sylvain"]
[PlyCount "103"]
[EventDate "2014.??.??"]

{Défense des deux cavaliers} 1. e4 e5 2. Nf3 Nc6 3. Bc4 Be7 4. O-O d6 5. h3 Nf6
6. d3 O-O 7. Nc3 a6 8. Nd5 Na5 9. Nxe7+ Qxe7 10. Bb3 Nxb3 11. axb3 h6 12. Re1
b5 13. d4 Bb7 14. Qd3 exd4 15. Qxd4 c5 16. Qd3 Nd7 17. Bf4 Ne5 18. Nxe5 dxe5
19. Bg3 Rfd8 20. Qc3 Rd4 21. f3 Rad8 22. Bf2 Rd2 23. Be3 R2d7 24. Qxc5 Qxc5 25.
Bxc5 Rd2 26. Rac1 Rc8 27. b4 a5 28. Be3 Rdxc2 29. Rxc2 Rxc2 30. bxa5 Rxb2 31.
Ra1 Ba6 32. Rc1 Ra2 33. Bb6 b4 34. Rb1 Ra4 35. Bc5 Rxa5 36. Bxb4 Rb5 37. Rb2 f6
38. Bc3 Rxb2 39. Bxb2 Kf7 40. Kf2 g5 41. g3 h5 42. h4 Ke6 43. Ke3 gxh4 44. gxh4
f5 45. exf5+ Kxf5 46. Kf2 Bc4 47. Ke3 Bd5 48. Bc1 Ba2 49. Bb2 Bb1 50. Bc1 Bc2
51. Bb2 Bb1 52. Ba1 1/2-1/2

[Event "13e tournoi d'automne - tournoi C"]
[Site "Montigny le Bretonneux"]
[Date "2014.10.20"]
[Round "3.2"]
[White "Mousset-Evtouchenko, Nina"]
[Black "Krestinine, Michka"]
[Result "1/2-1/2"]
[WhiteElo "1666"]
[BlackElo "1527"]
[Annotator "Rivier,Sylvain"]
[PlyCount "86"]
[EventDate "2014.??.??"]

{Gambit dame, défense semi-Tarrasch} 1. c4 Nf6 2. Nf3 c5 3. Nc3 Nc6 4. d4 e6 5.
e3 d5 6. b3 cxd4 7. exd4 Bb4 8. Bd2 dxc4 9. Bxc4 Nxd4 10. Nxd4 Qxd4 11. Qf3 O-O
12. Rd1 Bd7 13. O-O Bc6 14. Qh3 Qg4 15. Qxg4 Nxg4 16. Rfe1 Bc5 17. Rf1 a6 18.
a4 Ne5 19. Be2 Rfd8 20. Bf4 Ng6 21. Bg3 Bd4 22. Rc1 Rac8 23. Rfe1 Bxg2 24. Red1
Bc6 25. Na2 Be5 26. Nb4 Bxg3 27. hxg3 Ne5 28. f4 Nf3+ 29. Kf2 Nd4 30. Nxc6 Rxc6
31. Rxc6 Nxc6 32. Rc1 Rd6 33. b4 Kf8 34. b5 axb5 35. axb5 Nd8 36. Bf3 b6 37.
Ke3 Ke8 38. Rc7 Rd7 39. Rc8 Ke7 40. Rb8 Rd6 41. Be4 h6 42. g4 f6 43. Ra8 g5 {
suite illisible} 1/2-1/2

[Event "13e tournoi d'automne - tournoi C"]
[Site "Montigny le Bretonneux"]
[Date "2014.10.20"]
[Round "3.3"]
[White "Saarlainen, Lei"]
[Black "Rousseau, Matthieu"]
[Result "0-1"]
[WhiteElo "1545"]
[BlackElo "1664"]
[Annotator "Rivier,Sylvain"]
[PlyCount "82"]
[EventDate "2014.??.??"]

{Défense française, variante Rubinstein} 1. e4 e6 2. d4 d5 3. Nc3 Be7 4. Qg4 g6
5. e5 c5 6. Nce2 f5 7. Qg3 Nc6 8. c3 Bd7 9. h4 cxd4 10. cxd4 Nb4 11. Kd1 Qc7
12. Nc3 Qb6 13. Nge2 O-O-O 14. a4 Nc6 15. Qd3 Qb3+ 16. Qc2 Qxc2+ 17. Kxc2 Kb8
18. Be3 Rc8 19. Nc1 f4 20. Bxf4 Nxd4+ 21. Kd3 Nc6 22. Nb3 Nb4+ 23. Kd2 Bf8 24.
h5 Ne7 25. Nd4 gxh5 26. Bb5 Nec6 27. Bxc6 bxc6 28. Rxh5 c5 29. Ndb5 d4 30. Ne4
Nd5 31. Bg3 Bxb5 32. axb5 c4 33. Nd6 c3+ 34. bxc3 dxc3+ 35. Kc1 Rc7 36. Rh4 Be7
37. Nf7 Bxh4 38. Nxh8 Bg5+ 39. f4 Nxf4 40. Bxf4 Bxf4+ 41. Kc2 Bxe5 0-1

[Event "13e tournoi d'automne - tournoi C"]
[Site "Montigny le Bretonneux"]
[Date "2014.10.20"]
[Round "3.4"]
[White "Denechaud, Bernard"]
[Black "Chahmirian, Armen"]
[Result "0-1"]
[WhiteElo "1588"]
[BlackElo "1530"]
[Annotator "Rivier,Sylvain"]
[PlyCount "58"]
[EventDate "2014.??.??"]

{Défense vieille Benoni} 1. Nf3 d5 2. g3 c5 3. d4 cxd4 4. Nxd4 e5 5. Nf3 Nc6 6.
Bg2 Nf6 7. O-O Bf5 8. Bg5 Be7 9. c3 h6 10. Bxf6 Bxf6 11. Qb3 Qd7 12. Rd1 Rd8
13. Nh4 Be6 14. Qc2 O-O 15. e4 d4 16. Na3 Rc8 17. Nf3 Rfd8 18. Rd3 Nb4 19. Qd2
Nxd3 20. Qxd3 dxc3 21. Qxd7 Rxd7 22. Rc1 Rdc7 23. bxc3 Rxc3 24. Rxc3 Rxc3 25.
Nb5 Rc1+ 26. Bf1 Bc4 27. Nd2 Bxb5 28. Kg2 Bxf1+ 29. Nxf1 Ra1 0-1

[Event "13e tournoi d'automne - tournoi C"]
[Site "Montigny le Bretonneux"]
[Date "2014.10.20"]
[Round "3.5"]
[White "Fruchard, Alois"]
[Black "Romas, Lionia"]
[Result "0-1"]
[WhiteElo "1120"]
[BlackElo "1583"]
[Annotator "Rivier,Sylvain"]
[PlyCount "42"]
[EventDate "2014.??.??"]

{Gambit de Budapest, variante Fajarowicz} 1. d4 Nf6 2. c4 e5 3. e3 Nc6 4. Nf3
exd4 5. exd4 Bb4+ 6. Bd2 O-O 7. Nc3 Re8+ 8. Be2 Bxc3 9. Bxc3 d5 10. O-O Bg4 11.
h3 Bh5 12. Qc2 Ne4 13. Qd3 Qd6 14. c5 Qf4 15. Rfe1 Re6 16. Bd2 Nxd2 17. Nxd2
Rae8 18. Nf3 Bxf3 19. gxf3 Nxd4 20. Kf1 Qh2 21. Rac1 Qh1# 0-1

[Event "13e tournoi d'automne - tournoi C"]
[Site "Montigny le Bretonneux"]
[Date "2014.10.21"]
[Round "4.1"]
[White "Mongey, Alain"]
[Black "Denechaud, Bernard"]
[Result "1/2-1/2"]
[WhiteElo "1670"]
[BlackElo "1588"]
[Annotator "Rivier,Sylvain"]
[PlyCount "38"]
[EventDate "2014.??.??"]

{Gambit dame, variante Tartacover} 1. d4 Nf6 2. Nf3 e6 3. Bg5 h6 4. Bh4 Be7 5.
e3 b6 6. c4 Bb7 7. Nc3 d5 8. Be2 O-O 9. O-O Nbd7 10. Rc1 c5 11. cxd5 Nxd5 12.
Bxe7 Qxe7 13. dxc5 Nxc3 14. Rxc3 Nxc5 15. Qc1 Rac8 16. Rd1 Ne4 17. Rxc8 Rxc8
18. Qb1 Nc5 19. h3 Rd8 1/2-1/2

[Event "13e tournoi d'automne - tournoi C"]
[Site "Montigny le Bretonneux"]
[Date "2014.10.21"]
[Round "4.2"]
[White "Chahmirian, Armen"]
[Black "Mousset-Evtouchenko, Nina"]
[Result "*"]
[WhiteElo "1530"]
[BlackElo "1666"]
[Annotator "Rivier,Sylvain"]
[PlyCount "94"]
[EventDate "2014.??.??"]

{Défense sicilienne, attaque Sozin} 1. e4 c5 2. Nf3 d6 3. Bc4 e6 4. Nc3 a6 5.
a4 Nc6 6. d4 cxd4 7. Nxd4 Nf6 8. h3 Be7 9. Be3 O-O 10. O-O Qc7 11. Bb3 Nxd4 12.
Qxd4 e5 13. Qd3 Be6 14. Ba2 Bxa2 15. Rxa2 Rac8 16. f4 Qc4 17. Bd2 Rfd8 18. Re1
Bf8 19. g3 g6 20. Qxc4 Rxc4 21. b3 Rc7 22. Nd1 Rdc8 23. c3 Nd7 24. Be3 Bg7 25.
c4 Nc5 26. Bxc5 dxc5 27. Rd2 exf4 28. gxf4 Bd4+ 29. Kg2 Re8 30. Kf3 Rce7 31.
Rde2 Kg7 32. Nf2 f6 33. Nd3 h6 34. h4 Rd8 35. Rd1 Red7 36. Red2 b6 37. Nf2 Kf7
38. Ng4 h5 39. Ne3 Rb7 40. Nc2 Rbd7 41. Ne3 Ke6 42. Nd5 Rb8 43. b4 Rdb7 44. Rg2
Kf7 45. Re1 cxb4 46. Nxb4 Bc5 47. Rb1 a5 {suite illisible} *

[Event "13e tournoi d'automne - tournoi C"]
[Site "Montigny le Bretonneux"]
[Date "2014.10.21"]
[Round "4.4"]
[White "Romas, Lionia"]
[Black "Verat-Fayolle, Celian"]
[Result "1-0"]
[WhiteElo "1583"]
[BlackElo "1302"]
[Annotator "Rivier,Sylvain"]
[PlyCount "33"]
[EventDate "2014.??.??"]

{Défense russe, variante moderne} 1. e4 e5 2. Nf3 Nf6 3. d4 exd4 4. e5 Ne4 5.
Qxd4 d5 6. exd6 Nxd6 7. Bd3 Nc6 8. Qe3+ Be7 9. O-O O-O 10. Nc3 Re8 11. Qf4 Bf6
12. Nd5 Be6 13. Nxf6+ Qxf6 14. Qg3 h6 15. Bd2 Kh8 16. Bc3 Nf5 17. Bxf5 1-0

[Event "13e tournoi d'automne - tournoi C"]
[Site "Montigny le Bretonneux"]
[Date "2014.10.21"]
[Round "5.1"]
[White "Mousset-Evtouchenko, Nina"]
[Black "Mongey, Alain"]
[Result "0-1"]
[WhiteElo "1666"]
[BlackElo "1670"]
[Annotator "Rivier,Sylvain"]
[PlyCount "122"]
[EventDate "2014.??.??"]

{Défense sicilienne, gambit Morra} 1. e4 c5 2. d4 cxd4 3. c3 dxc3 4. Nxc3 Nc6
5. Nf3 g6 6. Bc4 Bg7 7. Bd2 d6 8. h3 Nf6 9. Qe2 a6 10. a3 b5 11. Ba2 Bb7 12.
O-O O-O 13. Rfd1 Nd7 14. b4 Nd4 15. Nxd4 Bxd4 16. Rac1 Rc8 17. Nd5 Bxd5 18.
exd5 Bg7 19. Rxc8 Qxc8 20. Rc1 Qd8 21. Rc6 Nb8 22. Rc1 Qd7 23. Be3 Rc8 24. Qd2
Rxc1+ 25. Qxc1 f5 26. Bb3 Qb7 27. Bg5 Bf6 28. Bh6 Qd7 29. a4 Bg7 30. Bxg7 Kxg7
31. a5 Qb7 32. Qc3+ Kg8 33. Qc6 Qd7 34. Qc3 h6 35. Kf1 Qb7 36. f3 Kh7 37. Ke2
Nd7 38. f4 Nf6 39. Qc6 Qa7 40. Qb6 Qa8 41. Qc6 Qxc6 42. dxc6 Ne8 43. Be6 Kg7
44. g4 fxg4 45. hxg4 Kf6 46. Bc8 Nc7 47. Kd3 e6 48. Kd4 h5 49. gxh5 gxh5 50.
Ke4 h4 51. Kf3 Kf5 52. Bb7 h3 53. Kg3 h2 54. Kxh2 Kxf4 55. Kg2 Ke3 56. Bc8 Kd4
57. Kf3 Kc4 58. Ke4 Kxb4 59. Bxe6 Nxe6 60. Kd5 Nc7+ 61. Kxd6 Na8 0-1

[Event "13e tournoi d'automne - tournoi C"]
[Site "Montigny le Bretonneux"]
[Date "2014.10.22"]
[Round "5.2"]
[White "Fruchard, Alois"]
[Black "Rousseau, Matthieu"]
[Result "0-1"]
[WhiteElo "1120"]
[BlackElo "1664"]
[Annotator "Rivier,Sylvain"]
[PlyCount "112"]
[EventDate "2014.??.??"]

{Gambit dame, défense semi-slave} 1. d4 e6 2. c4 d5 3. Nc3 Nf6 4. e3 c6 5. Nf3
Qb6 6. Bd3 dxc4 7. Bxc4 Nd5 8. O-O Bd6 9. e4 Nxc3 10. bxc3 Nd7 11. e5 Be7 12.
Qc2 Qc7 13. Qe4 b5 14. Bxb5 Bb7 15. Bc4 Nb6 16. Qd3 a5 17. Bg5 Bxg5 18. Nxg5
Nxc4 19. Qxc4 Ba6 20. Qc5 Bxf1 21. Rxf1 Rb8 22. Qa3 Qe7 23. Qc1 h6 24. Ne4 O-O
25. Qc2 Qa3 26. Nc5 Rb2 27. Qe4 Qxc3 28. Na4 Qc2 29. Qxc2 Rxc2 30. Nc5 Rd8 31.
Rd1 Rxd4 32. Re1 Rxc5 33. h3 Rdd5 34. f4 Rc2 35. a3 Rdd2 36. Rb1 Rxg2+ 37. Kf1
Rh2 38. Kg1 Rxh3 39. Rb8+ Kh7 40. a4 Ra3 41. Rb1 Rxa4 42. f5 Rg4+ 43. Kf1 Rf4+
44. Kg1 Rxf5 45. Rf1 Rxe5 46. Rxf7 Rg5+ 47. Kf1 Rb5 48. Kg1 Rb1+ 49. Rf1 Rxf1+
50. Kxf1 e5 51. Ke1 e4 52. Kd1 Rf2 53. Ke1 e3 54. Kd1 Kg6 55. Ke1 a4 56. Kd1 a3
0-1

[Event "13e tournoi d'automne - tournoi C"]
[Site "Montigny le Bretonneux"]
[Date "2014.10.22"]
[Round "5.3"]
[White "Denechaud, Bernard"]
[Black "Romas, Lionia"]
[Result "1/2-1/2"]
[WhiteElo "1588"]
[BlackElo "1583"]
[Annotator "Rivier,Sylvain"]
[PlyCount "110"]
[EventDate "2014.??.??"]

{Gambit de Budapest, variante principale} 1. d4 Nf6 2. c4 e5 3. dxe5 Ng4 4. Nf3
Bc5 5. e3 Nc6 6. Be2 Ngxe5 7. O-O Nxf3+ 8. Bxf3 Ne5 9. Be2 O-O 10. a3 a5 11.
Nc3 Re8 12. Ne4 Ba7 13. b4 Nxc4 14. Bxc4 Rxe4 15. Qb3 d5 16. Bxd5 Be6 17. Bxe6
Rxe6 18. bxa5 b6 19. axb6 Bxb6 20. Rd1 Qh4 21. Bb2 Rh6 22. Be5 Re8 23. Rd7 Qh5
24. Bf4 Rc6 25. Rd5 Qg6 26. Rd7 h5 27. h3 Qf5 28. Qd5 Qf6 29. Rd1 Rc5 30. Qb3
g5 31. Bh2 Rf5 32. Qc2 Rc5 33. Qb3 Qf5 34. Qd3 Qf6 35. Qb3 Qf5 36. Qd3 Qe6 37.
Rd8 c6 38. Rxe8+ Qxe8 39. Qe2 f6 40. Bd6 Rb5 41. Rc1 c5 42. Qd3 Kg7 43. a4 Ra5
44. Qd5 Qc8 45. Rb1 c4 46. Qe4 Ra7 47. Rxb6 c3 48. Rc6 Qd7 49. Qd4 Qxc6 50.
Qxa7+ Kg6 51. Qc5 Qxa4 52. Qb4 Qd1+ 53. Kh2 Qd3 54. Qa3 Qc4 55. Qb4 Qd3 1/2-1/2

[Event "13e tournoi d'automne - tournoi C"]
[Site "Montigny le Bretonneux"]
[Date "2014.10.22"]
[Round "5.4"]
[White "Verat-Fayolle, Celian"]
[Black "Saarlainen, Lei"]
[Result "0-1"]
[WhiteElo "1302"]
[BlackElo "1545"]
[Annotator "Rivier,Sylvain"]
[PlyCount "126"]
[EventDate "2014.??.??"]

{Gambit dame accepté} 1. e4 e6 2. d4 d5 3. exd5 exd5 4. c4 dxc4 5. Bxc4 Bd6 6.
Nc3 Nf6 7. Bg5 h6 8. Bh4 g5 9. Bg3 O-O 10. Nge2 Bf5 11. O-O Nc6 12. f4 Nh5 13.
fxg5 Qxg5 14. Bxd6 cxd6 15. d5 Ne5 16. Nd4 Qe3+ 17. Kh1 Bg4 18. Be2 Bxe2 19.
Qxe2 Ng3+ 20. hxg3 Qxd4 21. Ne4 Rad8 22. Rac1 f5 23. Rfd1 Qxe4 24. Qh5 Rf7 25.
Kg1 Qe3+ 26. Kf1 Qg5 27. Qxg5+ hxg5 28. Ke2 Kg7 29. Rh1 Ng4 30. Rh5 Re8+ 31.
Kd3 Kg6 32. Rch1 Nf2+ 33. Kd4 Re4+ 34. Kc3 Nxh1 35. Rxh1 Re3+ 36. Kc4 Rc7+ 37.
Kd4 Rxg3 38. Re1 Rc4+ 39. Kxc4 Rxg2 40. Re6+ Kh5 41. Rxd6 f4 42. Rf6 Kg4 43.
Kd3 f3 44. d6 Rh2 45. Rf8 Rh7 46. Ke3 Rd7 47. Rf6 Rd8 48. Rxf3 Rxd6 49. Rf2
Re6+ 50. Kd2 Re7 51. Rf1 Kh3 52. Rh1+ Kg2 53. Rh5 g4 54. Rg5 g3 55. Kc3 Rf7 56.
Kd2 Kf2 57. Kd3 g2 58. Kc4 g1=Q 59. Rxg1 Kxg1 60. b4 Rf5 61. a4 Kf2 62. b5 b6
63. Kb3 Rf4 0-1

[Event "13e tournoi d'automne - tournoi C"]
[Site "Montigny le Bretonneux"]
[Date "2014.10.23"]
[Round "6.1"]
[White "Mongey, Alain"]
[Black "Krestinine, Michka"]
[Result "0-1"]
[WhiteElo "1670"]
[BlackElo "1527"]
[Annotator "Rivier,Sylvain"]
[PlyCount "126"]
[EventDate "2014.??.??"]

{Ouverture du pion dame, défense est-indienne} 1. d4 Nf6 2. Nf3 g6 3. Bg5 Bg7
4. e3 O-O 5. Be2 c5 6. c3 d6 7. O-O Nbd7 8. Nbd2 a6 9. a4 b6 10. b4 a5 11. bxc5
bxc5 12. Rb1 Nb6 13. Bxf6 Bxf6 14. Ne4 Bg7 15. dxc5 Bf5 16. cxb6 Bxe4 17. Bd3
Bxf3 18. Qxf3 Bxc3 19. Rfc1 Bb4 20. Rc6 Rb8 21. Rbc1 Rxb6 22. Rc8 Qd7 23. Rxf8+
Kxf8 24. Qa8+ Kg7 25. Qd5 Rb8 26. Bb5 Rc8 27. Rd1 Qc7 28. Qd4+ e5 29. Qg4 Qc2
30. h4 f5 31. Qe2 Qxe2 32. Bxe2 Kf6 33. g3 Ke6 34. Kf1 d5 35. g4 Bc3 36. gxf5+
gxf5 37. Rc1 d4 38. exd4 exd4 39. Bd3 Ke5 40. Rb1 Bb4 41. Rb2 Rc3 42. Re2+ Kf4
43. Bb5 d3 44. Ra2 Kf3 45. Ra1 d2 46. Be2+ Kf4 47. Rd1 Rc1 48. h5 h6 49. Kg2
Ke4 50. Kf1 f4 51. Kg2 Bc3 52. Bg4 f3+ 53. Bxf3+ Kd3 54. Rf1 Re1 55. Bg4 Kc2
56. Bf5+ Kc1 57. Bg4 Rxf1 58. Kxf1 d1=R+ 59. Bxd1 Kxd1 60. f4 Kc2 61. f5 Kb3
62. Ke2 Kxa4 63. Kd3 Kb3 0-1

[Event "13e tournoi d'automne - tournoi C"]
[Site "Montigny le Bretonneux"]
[Date "2014.10.23"]
[Round "6.2"]
[White "Romas, Lionia"]
[Black "Mousset-Evtouchenko, Nina"]
[Result "1-0"]
[WhiteElo "1583"]
[BlackElo "1666"]
[Annotator "Rivier,Sylvain"]
[PlyCount "71"]
[EventDate "2014.??.??"]

{Défense sicilienne, variante Alapine} 1. e4 c5 2. d4 cxd4 3. c3 d6 4. cxd4 Nf6
5. Nc3 a6 6. Bc4 e6 7. Qe2 Be7 8. e5 dxe5 9. dxe5 Nd5 10. Nf3 Nxc3 11. bxc3 b5
12. Bb3 Qc7 13. O-O O-O 14. Bg5 Nc6 15. Bxe7 Qxe7 16. Rac1 Bb7 17. c4 b4 18. c5
a5 19. Rfd1 a4 20. Bc4 Na5 21. Bb5 Nc6 22. Rd6 Rfc8 23. Rcd1 Rc7 24. Qe4 Na7
25. c6 Nxb5 26. cxb7 Re8 27. Rb6 Nc3 28. Qxb4 Qxb4 29. Rxb4 Rxb7 30. Rxb7 Nxd1
31. Ra7 Nc3 32. a3 Rb8 33. h3 h6 34. Nd2 Rc8 35. Kf1 Rc4 36. Nxc4 1-0

[Event "13e tournoi d'automne - tournoi C"]
[Site "Montigny le Bretonneux"]
[Date "2014.10.23"]
[Round "6.3"]
[White "Rousseau, Matthieu"]
[Black "Chahmirian, Armen"]
[Result "1-0"]
[WhiteElo "1664"]
[BlackElo "1530"]
[Annotator "Rivier,Sylvain"]
[PlyCount "81"]
[EventDate "2014.??.??"]

{Gambit dame accepté} 1. d4 d5 2. c4 dxc4 3. e4 e5 4. d5 f5 5. Bxc4 Nf6 6. Nc3
Bb4 7. Qa4+ Bd7 8. Qxb4 b6 9. Bb5 c6 10. dxc6 Nxc6 11. Qd6 Rc8 12. exf5 Nd4 13.
Qxe5+ Qe7 14. Qxe7+ Kxe7 15. Bd3 Rhd8 16. Bg5 Bxf5 17. Bxf5 Nxf5 18. Nf3 Kf8
19. O-O Rd6 20. Bf4 Rd7 21. Rad1 Rxd1 22. Rxd1 Re8 23. h3 Nh5 24. Bd6+ Nxd6 25.
Rxd6 Nf6 26. Kf1 Ke7 27. Rd3 Kf7 28. Nb5 Re7 29. Nd6+ Kf8 30. Nf5 Re8 31. N5d4
Rc8 32. Ne6+ Kf7 33. Nf4 h6 34. Ne2 Rc2 35. Ra3 Rxb2 36. Rxa7+ Kg6 37. Nf4+ Kf5
38. Nd3 Rb1+ 39. Ke2 g5 40. g4+ Kg6 41. Nde5# 1-0